Management (Record no. 4549)

MARC details
000 -LEADER
fixed length control field 00323nam a2200145Ia 4500
008 - FIXED-LENGTH DATA ELEMENTS--GENERAL INFORMATION
fixed length control field 191201s2010 xx 000 0 und d
082 ## - DEWEY DECIMAL CLASSIFICATION NUMBER
Classification number 658
Item number ROM
100 ## - MAIN ENTRY--PERSONAL NAME
Personal name ROBBINS,Stephen P
245 #0 - TITLE STATEMENT
Title Management
250 ## - EDITION STATEMENT
Edition statement IMP 1st
260 ## - PUBLICATION, DISTRIBUTION, ETC. (IMPRINT)
Place of publication, distribution, etc N. delhi
Name of publisher, distributor, etc pearson
Date of publication, distribution, etc 2010
300 ## - PHYSICAL DESCRIPTION
Extent 544
650 ## - SUBJECT ADDED ENTRY--TOPICAL TERM
Topical term or geographic name as entry element BBA
942 ## - ADDED ENTRY ELEMENTS (KOHA)
Source of classification or shelving scheme Dewey Decimal Classification
Koha item type Text Books
942 ## - ADDED ENTRY ELEMENTS (KOHA)
-- 5
Holdings
Withdrawn status Lost status Source of classification or shelving scheme Damaged status Not for loan Collection code Home library Current library Date acquired Source of acquisition Cost, normal purchase price Bill Number Total Checkouts Full call number Acc. no. / Barcode Date last seen Date last borrowed Bill Date Koha item type Checked out Public note
    Dewey Decimal Classification     BBA PIET C-LIBRARY PIET C-LIBRARY 15/07/2010 The book company 510.00 IN-1486 2 658 ROM 15593 08/08/2023 05/08/2023 07/06/2010 Text Books    
    Dewey Decimal Classification     BBA PIET C-LIBRARY PIET C-LIBRARY 15/07/2010 The book company 510.00 IN-1486   658 ROM 15594 04/12/2019   07/06/2010 Text Books    
    Dewey Decimal Classification     BBA PIET C-LIBRARY PIET C-LIBRARY 15/07/2010 The book company 510.00 IN-1486 3 658 ROM 15595 25/09/2025 11/09/2025 07/06/2010 Text Books    
    Dewey Decimal Classification     BBA PIET C-LIBRARY PIET C-LIBRARY 15/07/2010 The book company 510.00 IN-1486 1 658 ROM 15596 08/02/2025 13/01/2024 07/06/2010 Text Books    
    Dewey Decimal Classification     BBA PIET C-LIBRARY PIET C-LIBRARY 15/07/2010 The book company 510.00 IN-1486 1 658 ROM 15597 22/01/2022 22/01/2022 07/06/2010 Text Books 21/07/2022 .
    Dewey Decimal Classification     BBA PIET C-LIBRARY PIET C-LIBRARY 15/07/2010 The book company 510.00 IN-1486 2 658 ROM 15598 08/02/2025 13/01/2024 07/06/2010 Text Books    

Design & Developed by: PIET Central Library
R70 Miles Stone Pattikalyana Samalkha Panipat 132102
mail ID :- [email protected], Phone No:- 0180-2569700 Ex.216